Szczegóły MARC21

Ogólnopolska Konferencja Historyków Kultury Fizycznej, Chycina 1995 /

003 -Nazwa inst., której nr kontr. jest w polu 001 [,]
    • @
    • Nazwa instytucji, której n kontrolny jest w polu 001
    • NUKAT
005 -DATA I CZAS OSTATNIEJ MODYFIKACJI [,]
    • @
    • pole kontrolne
    • 20241231091115.0
020 -Międzynarod. znormalizowany nr książki - ISBN [ , ]
    • a
    • Numer ISBN
    • 8385279857 Find
040 -Instytucja sporządzająca opis [ , ]
    • a
    • Instytucja, która sporządziła opis (NP)
    • KR 122/TZ
    • c
    • Instytucja, która sporządziła rekord (NP)
    • KR 122/TZ
    • d
    • Instytucja, która zmodyfikowała rekord (P)
    • KR 122/MN
    • d
    • Instytucja, która zmodyfikowała rekord (P)
    • POZN U/EMs
041 -Język dokumentu [0, ]
    • a
    • Język tekstu (P)
    • polski
    • b
    • Język streszczeń lub abstraktu (P)
    • angielski
942 -Rodzaj dokumentu [ , ]
    • c
    • Rodzaj dokumentu
    • Książka
111 -Hasło główne - nazwa imprezy [2, ]
    • a
    • Nazwa imprezy (NP)
    • Ogólnopolska Konferencja Historyków Kultury Fizycznej Find
    • n
    • Numer imprezy (P)
    • (5 ;
    • d
    • Data imprezy (NP)
    • 1995 ;
    • c
    • Miejsce imprezy (NP)
    • Chycina).
    • 9
    • KHW
    • 87778
245 -Strefa tytułu i oznaczenia odpowiedzialności [1,0]
    • a
    • Tytuł
    • Ogólnopolska Konferencja Historyków Kultury Fizycznej, Chycina 1995 / Find
    • c
    • Pozostałe elementy strefy tytułu i oznaczenia odpowiedzialności (NP)
    • pod red. Leonarda Szymańskiego i Zbigniewa Schwarzera.
246 -Wariant tytułu [3,0]
    • a
    • Tytuł (NP)
    • Ogólnopolska Konferencja Historyków Kultury Fizycznej
260 -Strefa adresu wydawniczego [ , ]
    • a
    • Miejsce wydania (P)
    • Wrocław :
    • b
    • Nazwa wydawcy (P)
    • Wydawnictwo Akademii Wychowania Fizycznego,
    • c
    • Data wydania (P)
    • 1996.
300 -Strefa opisu fizycznego [ , ]
    • a
    • Określenie formy książki i/lub objętość (NP)
    • 368 s. ;
    • c
    • Format (NP)
    • 24 cm.
336 -Typ zawartości [ , ]
    • a
    • Termin opisujący typ zawartości
    • Tekst
    • b
    • Kod określający zawartość
    • txt
    • 2
    • Źródło (terminu i kodu)
    • rdacontent
337 -Typ mediów [ , ]
    • a
    • Tryb odtwarzania
    • Bez urządzenia pośredniczącego
    • b
    • Kod typu mediów
    • n
    • 2
    • Źródło (terminu i kodu)
    • rdamedia
338 -Typ/rodzaj nośnika [ , ]
    • a
    • Hasło opisujące typ nośnika
    • Wolumin
    • b
    • Kod typu nośnika
    • nc
    • 2
    • Źródło (terminu i kodu)
    • rdacarrier
490 -Strefa serii i książki wielotomowej - forma nie do wyszukiwania [1, ]
    • a
    • Tytuł (P)
    • Materiały Konferencyjne / Akademia Wychowania Fizycznego we Wrocławiu Find
490 -Strefa serii i książki wielotomowej - forma nie do wyszukiwania [1, ]
    • a
    • Tytuł (P)
    • Z Najnowszej Historii Kultury Fizycznej w Polsce ; Find
    • v
    • Numeracja (P)
    • t. 2
830 -Hasło dodatkowe serii i opisu książki wielotomowej - tytuł ujednolicony/tytuł [ ,0]
    • a
    • Tytuł ujednolicony/tytuł (NP)
    • Materiały Konferencyjne - Akademia Wychowania Fizycznego we Wrocławiu
    • 9
    • KHW
    • 87781
830 -Hasło dodatkowe serii i opisu książki wielotomowej - tytuł ujednolicony/tytuł [ ,0]
    • a
    • Tytuł ujednolicony/tytuł (NP)
    • Z Najnowszej Historii Kultury Fizycznej w Polsce
    • v
    • Oznaczenie tomu (NP)
    • t. 2
    • 9
    • KHW
    • 87687
504 -Uwaga dot. bibliogr. załącznikowej [ , ]
    • a
    • Uwaga dot. bibliografii załącznikowej
    • Bibliogr. przy niektórych ref.
546 -Uwaga dot. języka [ , ]
    • a
    • Uwaga dot. języka
    • Streszcz. ang.
080 -Uniwersalna Klasyfikacja Dziesiętna [ , ]
    • a
    • Symbol klasyfikacji
    • 796
    • 2
    • Identyfikator wydania tablic
    • UDC-P058
    • 9
    • UKD
    • 6274
    • b
    • Dopowiedzenie
    • Kultura fizyczna. Sport. Gimnastyka.
    • 4
    • UKD2
    • 7642
    • x
    • Poddział wspólny
    • (438)
    • c
    • Dopowiedzenie poddz. wspólnego
    • (Polska).
    • 4
    • UKD2
    • 8230
    • x
    • Poddział wspólny
    • "19"
    • c
    • Dopowiedzenie poddz. wspólnego
    • Wiek XX.
650 -Hasło przedmiotowe [ ,7]
    • a
    • Hasło przedmiotowe
    • Wychowanie fizyczne
    • z
    • Określnik geograficzny
    • Polska
    • y
    • Określnik chronologiczny
    • 20 w.
    • v
    • Określnik formalny
    • konferencje.
    • 2
    • Źródło terminu
    • kaba
    • 9
    • KHW
    • 374246
650 -Hasło przedmiotowe [ ,7]
    • a
    • Hasło przedmiotowe
    • Sport
    • z
    • Określnik geograficzny
    • Polska
    • y
    • Określnik chronologiczny
    • 20 w.
    • v
    • Określnik formalny
    • konferencje.
    • 2
    • Źródło terminu
    • kaba
    • 9
    • KHW
    • 392429
980 -Symbol UKD [ , ]
    • a
    • UKD
    • 796(091)(438)"19"
700 -Hasło dodatkowe - nazwa osobowa [1, ]
    • a
    • Nazwa osobowa (NP)
    • Szymański, Leonard. Find
    • e
    • Określenie rodzaju współpracy
    • Red.
    • 9
    • KHW
    • 87780
700 -Hasło dodatkowe - nazwa osobowa [1, ]
    • a
    • Nazwa osobowa (NP)
    • Schwarzer, Zbigniew Find
    • d
    • Daty biograficzne (NP)
    • ( -2008).
    • e
    • Określenie rodzaju współpracy
    • Red.
    • 9
    • KHW
    • 87779
710 -Hasło dodatkowe - nazwa ciała zbiorowego [2, ]
    • a
    • Nazwa ciała zbiorowego lub nazwa geograficzna jako pierwszy element (NP)
    • Akademia Wychowania Fizycznego (Wrocław).
    • b
    • Nazwa jednostki podrzędnej (P)
    • Wydawnictwo.
    • 4
    • Kod relacji
    • pbl
    • 9
    • KHW
    • 57496
920 -ISBN [ , ]
    • a
    • ISBN
    • 83-85279-85-7 Find
Numer inwentarzowy Lokalizacja Status udost. Sygnatura Data inwentaryzacji
WF.5419BM1HKF - Z najnowszej... 021998-03-24
WF.9644BM-3 2015-03-05
WF.9653BM-3 2015-05-27